Diccionario Historia de la Medicina. (Registro nro. 2165)

Detalles MARC
000 -LEADER
fixed length control field 00800nam a2200205 a 4500
005 - FECHA ULTIMA MODIFICACION
control field 20240506113007.0
008 - CAMPO DE CONTROL (LIBRO)
fixed length control field 100708t2005||||sp a g |||| 00| 0 spa d
020 ## - INTERNATIONAL STANDARD BOOK NUMBER
ISBN 950964713
041 ## - CODIGO DE IDIOMA
Código de idioma del texto/pista de sonido o título separado spa
092 ## - SIGNATURA TOPOGRAFICA DEWEY LOCAL
número de clasificación 610.03
libristica 3
sección ANT
100 1# - ENTRADA PRINCIPAL--NOMBRE PERSONAL
Nombre personal Antón, Sebastián
9 (RLIN) 3751
245 ## - TITULO PROPIAMENTE DICHO
Título Diccionario Historia de la Medicina.
Subtítulo y Título paralelo Fasc.4 Kr-P /
Mención de responsabilidad y remanente de la transcripción de la portada Sebastián Antón
250 ## - MENCION DE EDICION
Mención de edición 1a ed.
Mención de responsabilidad relacionada con la ed. Traducción Gerardo E. Laube
260 ## - PIE DE IMPRENTA
Lugar de publicación, distribución, etc Buenos Aires:
Nombre de la editorial, distribuidor, etc Editorial Anejo Producciones ; The Parthenon Publishing Group;
Fecha de publicación 2005.
300 ## - DESCRIPCION FISICA
Extension 469-626 p.
Dimensiones 30x22 cm.
500 ## - NOTA GENERAL
Nota general Antón, S. (2005). Diccionario Historia de la medicina. Fasc.4 KR-P. (1a ed.). Buenos Aires : Editorial Anejo Producciones ; The Parthenon Publishing Group.
653 ## - TÉRMINO INDIZADO - PALABRAS CLAVES
Palabra clave Diccionario
653 ## - TÉRMINO INDIZADO - PALABRAS CLAVES
Palabra clave Historia de la Medicina
942 ## - ADDED ENTRY ELEMENTS (KOHA)
Source of classification or shelving scheme Dewey Decimal Classification
Item type Libros
Existencias
Estado de retiro Existencia Fuente de clasificación Estado general No para prestamo Ubicación permanente ubicación actual Sala de ubicación Fecha de adquisición Fuente de adquisición Total Checkouts Número de clasificación Código de barras Date last seen Número de ejemplar Price effective from Koha tipo de elemento (item) Public note Coded location qualifier
    Dewey Decimal Classification     Biblioteca Medicina Biblioteca Medicina Circulación 28/05/2015 Donacion Griselda Saulino, Mayo 2015   610.03 3 ANT 3491 28/05/2015 Ej.1 28/05/2015 Libros Hemeroteca 2022. Donacion Griselda Saulino, Mayo 2015  

UNIVERSIDAD NACIONAL DEL COMAHUE
Biblioteca de la Facultad de Ciencias Médicas
Sede Toschi: Los Arrayanes y Av. Toschi, Cipolletti  - Rio Negro
Sede Los Tordos:  Yrigoyen al 2211, Cipolletti - Rio Negro 

Teléfono: 0299 - 4774707 int 25
Contacto: biblioteca@facimed.uncoma.edu.ar
© 2011 - 2026